000 00635nam a2200169Ia 4500
005 20250508155817.0
008 008 250505s9999 xx 000 0 eng d
037 _aBooks to be hide in OPAC
040 _aFEDL
_beng
_cFEDL
041 _aeng
_2eng
084 _a372.4, PRA/O
_qFEDL
100 _aPradhan Kedar Man
_9767546
245 0 _aComparative study of reading skills of the boys and girls of the fifth grade of Kathmandu: A dissertation presented to Tribhuvan University as a partical fulfilment for the degree of master of education
300 _a48p.
942 _cHB
_h372.4, PRA/O
999 _c1359387
_d1359387